000 00760nam a22002417a 4500
003 UA-OsUOA
001 129916
007 ta
008 20180330b un ||||| |||| 00| 0 ukr d
100 _aПрийма Ф. Я.
090 _a82.09"18"
_bП75
942 _cBK
040 _aUA-OsUOA
_brus
_cUA-OsUOA
_dUA-OsUOA
245 _a"Слово о полку Игореве" в русском историко-литературном процессе первой трети ХІХ века
300 _a250 с.
955 _a1
041 _arus
080 _a82.09"18"
591 _aЛобас П. О.
260 _aЛенинград
_bНаука
_c1980
650 7 _a82 Література. Літературознавство
_2UDC
999 _c417820
_d417820